Statistics for Spanish Words - Tile Quiz

Click here to take the quiz!

General Stats

  • This quiz has been taken 37 times
  • The average score is 51 of 80

Answer Stats

QuestionTileSelect% Correct
Spanish Words about FoodAmorNo
100%
Spanish Words about FoodGuerraNo
100%
Spanish Words about FoodMontañaNo
100%
Spanish Words about FoodNombreNo
100%
Spanish Words about FoodPresidenteNo
100%
Spanish Words about FoodRindfleischNo
100%
Spanish Words about FoodReisNo
97%
Spanish Words about FoodCarneYes
94%
Spanish Words about FoodPolloYes
94%
Spanish Words about FoodManzanaYes
88%
Spanish Words about FoodNaranjaYes
84%
Spanish names for musical instrumentsSchlagzeugNo
84%
Spanish building wordsBauenNo
81%
Spanish names for musical instrumentsCasaNo
81%
Spanish building wordsCyclopeanNo
81%
Spanish names for musical instrumentsEncomiendaNo
81%
Spanish sovereign country namesGitegaNo
81%
Spanish names for musical instrumentsMiguelitaNo
81%
Spanish building wordsMorirNo
81%
Spanish building wordsMortibundNo
81%
Spanish words about emotionsNerviosaYes
81%
Spanish words about emotionsContentoYes
78%
Spanish sovereign country namesEspañaYes
78%
Spanish words about emotionsFelizYes
78%
Spanish names for musical instrumentsGuitarraYes
78%
Spanish Words about FoodHuevoYes
78%
Spanish building wordsNescientNo
78%
Spanish sovereign country namesRodinaNo
78%
Spanish building wordsRojoNo
78%
Spanish building wordsSchuleNo
78%
Spanish building wordsCucharaNo
75%
Spanish names for musical instrumentsTambourNo
75%
Spanish building wordsBancoYes
72%
Spanish names for musical instrumentsPianoYes
72%
Spanish Words about FoodPizzaYes
72%
Spanish names for musical instrumentsClarineteYes
69%
Spanish building wordsMercadoYes
69%
Spanish sovereign country namesEcuadorYes
66%
Spanish sovereign country namesFranciaYes
66%
Spanish sovereign country namesSlovenskoNo
66%
Spanish names for musical instrumentsTamboresYes
66%
Spanish building wordsAeropuertoYes
63%
Spanish building wordsCastilloYes
63%
Spanish building wordsEdificioYes
63%
Spanish names for musical instrumentsFlautaYes
63%
Spanish sovereign country namesHong KongNo
63%
Spanish sovereign country namesPolskaNo
63%
Spanish words about emotionsTristeYes
63%
Spanish names for musical instrumentsTrompaYes
63%
Spanish sovereign country namesAlemánNo
59%
Spanish building wordsBibliothekNo
59%
Spanish building wordsCentro CommercialYes
59%
Spanish names for musical instrumentsDouble-BassNo
59%
Spanish sovereign country namesEstados Federados de MicronesiaYes
59%
Spanish Words about FoodPommesNo
59%
Spanish sovereign country namesBonia al HerzegoniaNo
56%
Spanish Words about FoodTarteNo
56%
Spanish words about emotionsEncantadoYes
53%
Spanish names for musical instrumentsVioloncelleNo
53%
Spanish sovereign country namesChinaYes
47%
Spanish sovereign country namesRusiaYes
47%
Spanish sovereign country namesSuizaYes
44%
Spanish words about emotionsAlegreYes
41%
Spanish words about emotionsDeprimidoYes
41%
Spanish words about emotionsEnojadoYes
41%
Spanish building wordsPuertoYes
41%
Spanish names for musical instrumentsAccodionaNo
38%
Spanish names for musical instrumentsBasseNo
38%
Spanish sovereign country namesInglaterraNo
34%
Spanish names for musical instrumentsXylophonNo
34%
Spanish words about emotionsAfortunadoYes
31%
Spanish Words about FoodCerdoYes
31%
Spanish words about emotionsEnfurecidoYes
31%
Spanish words about emotionsAvergonzadoYes
28%
Spanish sovereign country namesEstadounidos AmericanosNo
28%
Spanish words about emotionsPerezosoYes
28%
Spanish words about emotionsHambrientoYes
22%
Spanish words about emotionsDispuestoYes
19%
Spanish words about emotionsArrepentidoYes
16%
Spanish words about emotionsCelosYes
13%

Score Distribution

Percentile by Number Answered

Percent of People with Each Score

Your Score History

You have not taken this quiz